000 00685cam a22002413a 4500
001 16656
003 PGUSA
005 20140828083344.0
008 050905s2005||||xxu|||||s|||||000 | eng d
040 _aPGUSA
_beng
042 _adc
050 4 _aCE
100 1 _aLópez, Honorio,
_d1875-1958
245 1 0 _aDimasalang Kalendariong Tagalog (1922)
_h[electronic resource] /
_cHonorio López
260 _bProject Gutenberg,
_c2005
506 _aPublic domain in the USA.
516 _aElectronic text
653 _aCalendar, Philippine
653 _aChronology, Philippine
830 0 _aProject Gutenberg
_v16656
856 4 0 _uhttp://www.gutenberg.org/ebooks/16656
942 _cEB
999 _c245911
_d245911